000 00593nam a2200205Ia 4500
005 20250508151033.0
008 008 250505s9999 xx 000 0 eng d
037 _aTextual
040 _aFEDL
_beng
_cFEDL
041 _aeng
_2eng
084 _a150.4, BRY
_qFEDL
100 _aBryson Lyman Ed.
_941889
245 0 _aPerspectives on a troubled decade: Science philosophy and religion
260 _aNew York, USA
_bHarper and Brothers
_c1950
300 _axvii,901p.
365 _aINR
_b28
650 _aPsychology
942 _cTEXL
_h150.4, BRY
999 _c1327200
_d1327200